| 000 | 01981cam a22005174i 4500 | ||
|---|---|---|---|
| 003 | PE-LiUPU | ||
| 005 | 20250731165514.0 | ||
| 008 | 150623s r 000 0 d | ||
| 020 | _a1841272183 | ||
| 035 | _a(Sirsi) i9781841272184 | ||
| 040 |
_aPE-LiUPU _bspa _cPE-LiUPU _erda |
||
| 049 | _aPRUA | ||
| 082 | 0 | 4 |
_a225.077 _bJ _221 |
| 245 | 1 | 0 |
_aJesus, Mark and Q: the teaching of Jesus and its earliest records. _n214 / _ceditado por Michael Labahn & Andreas Schmidt. |
| 264 | 1 |
_aSheffield, England : _bSheffield Academic Press, _c2001. |
|
| 300 |
_a296 páginas ; _c24 centímetros |
||
| 336 |
_atext _2rdacontent |
||
| 337 |
_aunmediated _2rdamedia |
||
| 338 |
_avolume _2rdacarrier |
||
| 490 | 0 |
_aJournal for the study of the New Testament. Supplement series ; _v214 |
|
| 504 | _aIncluye bibliografía. | ||
| 505 | 0 | _aMark and Q. -The historical Jesus in new research. -Recent trends in the historical and sociological portraid of Jesus. -Theological and hermeneutical investigations into the proclamation of Jesus. | |
| 526 | _aSEG44 | ||
| 526 | _aSEG26 | ||
| 526 | _aP151 | ||
| 526 | _aP150 | ||
| 526 | _aP149 | ||
| 526 | _aP146 | ||
| 526 | _aP145 | ||
| 526 | _aP126 | ||
| 526 | _aP125 | ||
| 526 | _aP92 | ||
| 526 | _aP75 | ||
| 526 | _aP74 | ||
| 526 | _aP27 | ||
| 526 | _aP15 | ||
| 600 | 1 |
_aJesucristo _xEnseñanzas _9933 |
|
| 700 | 1 | _aLabahn, Michael | |
| 700 | 1 | _aSchmidt, Andreas | |
| 942 |
_2ddc _cBOOK |
||
| 949 |
_aRC 225.077 J 214 _wDEWEY _c1 _i49140 _lCCODEBUL1 _mBUL _r0 _sY _tBOOK _u2015-6-24 _xTEOLOGIA _PP35 _0COMPRA _o.CIRCNOTE. No olvidar cambiar la fecha de devolución!!!!!!! _o.STAFF. Colección General |
||
| 994 |
_aC0 _bPEPRU |
||
| 596 | _a1 | ||
| 999 |
_aRC 225.077 J 214 _wDEWEY _c28288 _i49140 _f2021-11-8 _g6 _lCCODEBUL1 _mBUL _r1 _sY _tBOOK _u2015-6-24 _xTEOLOGIA _PP35 _0COMPRA _o.CIRCNOTE. No olvidar cambiar la fecha de devolución!!!!!!! _o.STAFF. Colección General _d28288 |
||
| 980 |
_81 _gALBERTO SANCHEZ Responsable de Automatización |
||